[Event "Advent 2008 Master Norm Tournament"]
[Site "SchemingMind.com"]
[Date "2008.12.09"]
[Round "-"]
[White "Frankygolucky"]
[Black "Buckaroo Bob"]
[Result "0-1"]
[WhiteCountry "GBR"]
[BlackCountry "USA"]
[WhiteElo "1881"]
[WhiteRD "104"]
[BlackElo "1967"]
[BlackRD "82"]
[GameID "182416"]

1. d4 d5 2. c4 c6 3. Nc3 Nf6 4. Nf3 e6 5. e3 Nbd7 6. Qc2 Bd6 7. Bd2 O-O 8. O-O-O c5 9. cxd5 exd5 10. Kb1 a6
11. Bc1 c4 12. g4 Nb6 13. h3 Re8 14. Bg2 Bb4 15. Ne5 Bxc3 16. Qxc3 Ne4 17. Bxe4 dxe4 18. Nxc4 Nd5 19. Qa3 b5 20. Nd2 Bb7
21. Nb3 b4 22. Qa5 Qf6 23. Rdf1 Bc6 24. Nc5 Bb5 25. g5 Qxg5 26. f4 Qg3 27. Rfg1 Qf2 28. Re1 h6 29. Rhg1 Reb8 30. Ka1 Qc2
31. Rd1 Nc3 32. bxc3 bxc3 33. Ba3 Bc4 34. Nb3 Rb5 35. Qc7 Bxb3 36. axb3 Qxb3 37. Qe7 Ra5 38. Rxg7+ Kh8 39. Rh7+ Kxh7 40. Qxe4+ Kg7
41. Rg1+ Rg5 42. Rxg5+ hxg5 43. Qe5+ f6 44. Qe7+ Kg8 45. d5 Qd1+
0-1